000 00666nam a2200217Ia 4500
005 20260429112205.0
008 260429s9999||||xx |||||||||||||| ||und||
020 _a9789390063154
041 _aEnglish
082 _a294.5
_bELM
100 _aElmore, Wilber Elmore
245 0 _aDravidian gods in modern Hinduism :
_ba study of the local and village deities of southern India /
_cWilber Elmore Elmore
250 _a1st ed.
260 _aChennai :
_bRupa Publications India Pvt. Ltd,
_c2025.
300 _axi, 157 p.; hb
650 _a Dravidian religion
650 _a Folk deities
650 _a South India-Religion
650 _aHinduism
942 _cTB
999 _c52809
_d52809